MARC

LEADER 00000nam0a2200000 4500
001 342709
005 20231102005500.0
035 |a (RuTPU)RU\TPU\book\371888 
090 |a 342709 
100 |a 20190321d1980 km y0rusy50 ca 
101 0 |a rus 
102 |a RU 
105 |a a z 001zy 
200 1 |a Исследования водного баланса термического и гидрохимического режима озера Иссык-Куль  |e сборник статей  |f СССР, Государственный комитет по гидрометеорологии и контролю природной среды ; Государственный гидрологический институт ; под ред. А. А. Соколова, В. А. Знаменского 
210 |a Москва  |c Гидрометеоиздат  |d 1980 
215 |a 87 с.  |c ил. 
320 |a Библиогр. в конце ст. 
606 1 |a Озера  |x Гидрохимия  |2 stltpush  |3 (RuTPU)RU\TPU\subj\46823  |9 65917 
610 1 |a водный баланс 
610 1 |a гидрохимический режим 
610 1 |a термический режим 
610 1 |a Иссык-Куль 
610 1 |a приток воды 
610 1 |a осадки 
610 1 |a испарения 
610 1 |a уровень воды 
610 1 |a падение 
675 |a 556.551  |v 4 
702 1 |a Соколов  |b А. А.  |4 340 
702 1 |a Знаменский  |b В. А.  |4 340 
712 0 1 |a СССР  |b Государственный комитет по гидрометеорологии и контролю природной среды  |c (Москва)  |c (1978-1991)  |2 stltpush  |3 (RuTPU)RU\TPU\col\11538  |9 25163 
712 0 2 |a Государственный гидрологический институт  |c (Санкт-Петербург)  |2 stltpush  |3 (RuTPU)RU\TPU\col\7764  |9 24381 
801 1 |a RU  |b 63413507  |c 20190321 
801 2 |a RU  |b 63413507  |c 20210415  |g RCR 
942 |c BK